Bangladesh foreign policypaedia. Volume 11 /

Detalles Bibliográficos
Otros Autores: Ahmed, Imtiaz
Formato: Libro
Lenguaje:English
Publicado: Dhaka : Centre for Genocide Studies, University nof Dhaka, c2022.
Materias:
Classic Catalogue: View this record in Classic Catalogue
LEADER 01273nam a22002777a 4500
001 44323
003 BD-DhAAL
005 20250422123545.0
008 250422t2022 bg a|||| b||| 001 0 eng d
020 |a 9789849662440 
040 |a BD-DhAAL  |c BD-DhAAL 
082 |a 327.5492  |2 23 
245 |a Bangladesh foreign policypaedia.  |n Volume 11 /  |c edited by Imtiaz Ahmed. 
260 |a Dhaka :  |b Centre for Genocide Studies, University nof Dhaka,  |c c2022. 
300 |a lxxiii, 370 pages :  |b color illustrations ;  |c 24 cm 
362 |a Vol. 11 
504 |a Includes bibliographical references and index. 
505 |a v. 11. Bangladesh economy in an evolving regional and global context. 
541 |a Donated by Professor Syed Mahfuzul Aziz (Former Pro Vice-Chancellor)  |e 44323 
650 |a Economic development  |z Bangladesh. 
651 |a Bangladesh  |x Foreign relations. 
700 |a Ahmed, Imtiaz. 
852 |a Ayesha Abed Library  |c General Stacks 
942 |2 ddc  |c BK 
999 |c 47275  |d 47275 
952 |0 0  |1 0  |2 ddc  |4 0  |6 327_549200000000000_BAN  |7 0  |9 77609  |a BRACUL  |b BRACUL  |c GEN  |d 2025-04-22  |e Donated by Professor Syed Mahfuzul Aziz (Former Pro Vice-Chancellor)  |l 0  |o 327.5492 BAN  |p 3010044323  |r 2025-04-22  |t 1  |w 2025-04-22  |y BK  |x Donated by Professor Syed Mahfuzul Aziz (Former Pro Vice-Chancellor)